000
00283nam a2200109Ia 4500
008
190216s9999||||xx |||||||||||||| ||und||
100
_a
Victor Samerin
245
0
_a
Us Imperialism Gangs Up With Forces Of Reaction
260
_b
Novesti Press Agency
650
_a
History
942
_c
BK
999
_c
19705
_d
19705